000 00438nam a2200145Ia 4500
008 100122s9999 xx 000 0 und d
082 _b71101
_a294.5
100 _aकानडजे एस एम
245 _aओले मूळ भेदी
260 _bस्वरुप प्रकाशन
_c2006
300 _a95
630 _aओले मूळ भेदी
730 _aओले मूळ भेदी
942 _cBOOK
999 _c441773
_d441770